| Tag |
First Indicator |
Second Indicator |
Subfields |
| LEADER |
00000cam a2200000 a 4500 |
| 001 |
in00000025070 |
| 005 |
20151007055717.0 |
| 008 |
880708s1988 ilua b 00010 eng d |
| 020 |
|
|
|a 0917253299
|
| 035 |
|
|
|a (OCoLC)18186753
|
| 035 |
|
|
|9 AAB9046AM
|
| 040 |
|
|
|a AZU
|c AZU
|d TXA
|d UtOrBLW
|
| 049 |
|
|
|a TXAF
|c [A11672304]
|
| 050 |
|
4 |
|a HG151
|b .J8 1988
|
| 100 |
1 |
|
|a Jud, G. Donald.
|
| 245 |
1 |
4 |
|a The desktop encyclopedia of banking /
|c G. Donald Jud, Charles J. Woelfel.
|
| 264 |
|
1 |
|a Chicago, Ill. :
|b Probus Pub. Co.,
|c [1988]
|
| 264 |
|
4 |
|c ©1988
|
| 300 |
|
|
|a v, 397 pages :
|b illustrations ;
|c 24 cm.
|
| 336 |
|
|
|a text
|b txt
|2 rdacontent
|
| 337 |
|
|
|a unmediated
|b n
|2 rdamedia
|
| 338 |
|
|
|a volume
|b nc
|2 rdacarrier
|
| 500 |
|
|
|a Title on spine: Encyclopedia of banking.
|
| 504 |
|
|
|a Includes bibliographical references.
|
| 650 |
|
0 |
|a Banks and banking
|x Dictionaries and encyclopedias.
|
| 650 |
|
0 |
|a Finance
|x Dictionaries and encyclopedias.
|
| 700 |
1 |
|
|a Woelfel, Charles J.
|
| 740 |
0 |
|
|a Encyclopedia of banking.
|
| 999 |
|
|
|a MARS
|
| 999 |
f |
f |
|s f1bca8e1-36b8-3a55-b579-bd3506e78ca0
|i dcf1a5e3-d31f-37ae-9b4c-3edf150e8f92
|t 0
|
| 952 |
f |
f |
|p ric
|a Texas A&M University
|b Rellis Campus
|c Joint Library Facility
|d Remote Storage
|t 0
|e HG151 .J8 1988
|h Library of Congress classification
|i unmediated -- volume
|m A14811672304
|
| 998 |
f |
f |
|a HG151 .J8 1988
|t 0
|l Remote Storage
|